书目信息 |
| 题名: |
关于人体的有趣问题
|
|
| 作者: | 张梦菲 编著 | |
| 分册: | ||
| 出版信息: | 长春 北方妇女儿童出版社 2016 |
|
| 页数: | 149页 | |
| 开本: | 24cm | |
| 丛书名: | 美国孩子喜欢问的为什么 | |
| 单 册: | ||
| 中图分类: | R32-49 | |
| 科图分类: | ||
| 主题词: | 人体--少儿读物 | |
| 电子资源: | ||
| ISBN: | 978-7-5385-9654-0 | |
| 000 | 00673nam2 2200229 450 | |
| 001 | 2089 | |
| 005 | 20180522164123.12 | |
| 010 | @a978-7-5385-9654-0@dCNY22.80 | |
| 100 | @a20160421d2016 cd y0chiy50 ea | |
| 101 | 0 | @achi |
| 102 | @aCN@b220000 | |
| 105 | @aa z 000yy | |
| 200 | 1 | @a关于人体的有趣问题@9guan yu ren ti de you qu wen ti@b专著@f张梦菲编著 |
| 210 | @a长春@c北方妇女儿童出版社@d2016 | |
| 215 | @a149页@c图@d24cm | |
| 225 | 2 | @a美国孩子喜欢问的为什么 |
| 461 | 0 | @12001 @a美国孩子喜欢问的为什么 |
| 606 | 0 | @a人体@j少儿读物 |
| 690 | @aR32-49@v5 | |
| 701 | 0 | @a张梦菲@9zhang meng fei@4编著 |
| 801 | 0 | @aCN@b91MARC@c20160516 |
| 905 | @aMuseLib@dR32-49@e296 | |
| 关于人体的有趣问题/张梦菲编著.-长春:北方妇女儿童出版社,2016 |
| 149页:图;24cm.-(美国孩子喜欢问的为什么) |
| ISBN 978-7-5385-9654-0:CNY22.80 |
| ● |
| 相关链接 |
|
|
|
|
正题名:关于人体的有趣问题
索取号:R32-49/296
 
预约/预借
| 序号 | 登录号 | 条形码 | 馆藏地/架位号 | 状态 | 备注 |
| 1 | 1107905 | 211079054 | 第二样本阅览室/ [索取号:R32-49/296] | 在馆 | |
| 2 | 1107906 | 211079063 | 教育系资料室/ [索取号:R32-49/296] | 在馆 | |
| 3 | 1107907 | 211079072 | 教育系资料室/ [索取号:R32-49/296] | 在馆 | |
| 4 | 1107908 | 211079081 | 第三借阅区/ [索取号:R32-49/296] | 在馆 |